Variation of treeline mountain birch establishment under herbivory pressure.

Bibliographic Details
Main Author: Granberg, Tynan
Other Authors: Cairns, David M. (Thesis advisor)
Format: Thesis eBook
Language:English
Published: [College Station, Tex.] : [Texas A&M University], [2012]
Subjects:
Online Access:Link to OAK Trust copy

MARC

Tag First Indicator Second Indicator Subfields
LEADER 00000cam a2200000Ka 4500
001 in00002784501
005 20150922145945.0
006 m fo d
007 cr unu||||||||
008 121126s2012 txu obm 000 0 eng d
035 |a (OCoLC)ocn819342711 
035 |a (OCoLC)819342711 
035 |a (TxCM)http://hdl.handle.net/1969.1/ETD-TAMU-2012-08-11774 
040 |a TXA  |c TXA  |d UtOrBLW 
049 |a TXAM 
099 |a 2012  |a Thesis  |a 1969.1/ETD-TAMU-2012-08-11774 
100 1 |a Granberg, Tynan. 
245 1 0 |a Variation of treeline mountain birch establishment under herbivory pressure. 
264 1 |a [College Station, Tex.] :  |b [Texas A&M University],  |c [2012] 
300 |a 1 online resource. 
336 |a text  |b txt  |2 rdacontent 
337 |a computer  |b c  |2 rdamedia 
338 |a online resource  |b cr  |2 rdacarrier 
500 |a "Major Subject: Geography" 
588 |a Description from author supplied metadata (automated record created 2012-10-22 13:24:58). 
502 |b Master of Science  |c Texas A&M University  |d 2012  |o http://hdl.handle.net/1969.1/ETD-TAMU-2012-08-11774 
504 |a Includes bibliographical references. 
516 |a Text (Thesis) 
520 3 |a Alpine and arctic treelines have been viewed as sensitive indicators of global climate change. While many treelines have advanced under warmer climate regimes in recent decades, the response has not been uniform. Some of this variability may be attributable to the impacts of herbivores. This study investigates the interacting effects of herbivory, climate, and understory vegetation on mountain birch establishment at treeline in the Scandes Mountains of northern Sweden. An extensive dendrochronological database was created to determine periods of establishment, which were then regressed against reindeer (Rangifer tarandus, L.) population data and historical climate data. Vegetation classifications were also created and analyzed to determine if establishment patterns vary by understory vegetation type. I have tested the hypothesis that tree establishment varies within the treeline ecotone and that high reindeer stocking levels negatively impact establishment. Weakly positive responses to herbivory were observed in patterns of tree establishment at treeline. This indicates that reindeer may modestly promote treeline advance at low densities, contradicting some previous research, but many of the results were not statistically significant. The climate variables found to have significant relationships with establishment were inconsistent across herding districts and aggregation levels. No connections between vegetation assemblages and establishment or between vegetation assemblages and reindeer use were observed. 
500 |a Electronic resource. 
650 4 |a Major Geography. 
653 |a Vegetation Dynamics 
653 |a Treeline 
653 |a Herbivory 
700 1 |a Cairns, David M.,  |e thesis advisor. 
856 4 0 |u http://hdl.handle.net/1969.1/ETD-TAMU-2012-08-11774  |z Link to OAK Trust copy  |t 0 
948 |a cataloged  |b h  |c 2012/11/26  |d o  |e jolivare  |f 2:51:45 pm 
994 |a C0  |b TXA 
999 |a MARS 
999 f f |s 84876f78-4b00-3750-ab8b-edb9d58575c3  |i 92757084-a8b3-30ad-9e0c-421370b1a65a  |t 0 
952 f f |a Texas A&M University  |b College Station  |c Electronic Resources  |d Available Online  |t 0  |e 2012 Thesis 1969.1/ETD-TAMU-2012-08-11774  |h Other scheme 
998 f f |a 2012 Thesis 1969.1/ETD-TAMU-2012-08-11774  |t 0  |l Available Online